[Event "Campeonato Pan-Americano Sub-20 Absoluto"]
[Site "CXSP, São Paulo"]
[Date "2012.06.30"]
[Round "2.10"]
[White "Oliveira, Guilherme Martins G"]
[Black "Zavarce, Oscar Enrique"]
[Result "0-1"]
[WhiteElo "1729"]
[BlackElo "2192"]
[PlyCount "36"]
[EventDate "2012.06.29"]

1. c4 c5 2. g3 Nc6 3. Bg2 g6 4. e3 e5 5. Nc3 Bg7 6. d3 Nge7 7. Nge2 O-O 8. O-O
a6 9. f4 d6 10. Nd5 Rb8 11. Nec3 b5 12. Qc2 Bf5 13. Nxe7+ Nxe7 14. Qe2 exf4 15.
exf4 Re8 16. Be4 bxc4 17. dxc4 Bxc3 18. bxc3 Nc6 0-1

[Event "Campeonato Pan-Americano Sub-20 Absoluto"]
[Site "CXSP, São Paulo"]
[Date "2012.06.30"]
[Round "2.11"]
[White "Mamani, Joan Franco"]
[Black "Devescovi Parreira, Pedro Paulo"]
[Result "1/2-1/2"]
[WhiteElo "2157"]
[BlackElo "2085"]
[PlyCount "82"]
[EventDate "2012.06.29"]

1. e4 c5 2. Ne2 Nc6 3. g3 g6 4. Bg2 Bg7 5. c3 Nf6 6. d4 cxd4 7. cxd4 d6 8. Nbc3
O-O 9. h3 Bd7 10. O-O e5 11. Be3 exd4 12. Nxd4 Ne5 13. Qe2 Qc8 14. Rac1 Bxh3
15. Ncb5 Qd7 16. Rc7 Bg4 17. f3 Qd8 18. Rxb7 a6 19. Nc3 Qc8 20. Rb6 Be6 21.
Nxe6 Qxe6 22. Rxa6 Rxa6 23. Qxa6 Nh5 24. Bf2 Nc4 25. Nd5 Nxb2 26. Rb1 f5 27.
Qe2 fxe4 28. fxe4 Qe5 29. g4 Nf4 30. Nxf4 Qxf4 31. Be3 Qg3 32. Rf1 Ra8 33. Bf2
Qe5 34. Qf3 h6 35. Bg3 Qc5+ 36. Kh1 Ra3 37. Qf7+ Kh7 38. Bh2 Nd3 39. Rf6 Qg5
40. Rxd6 Qxg4 41. Qf1 Ne5 1/2-1/2

[Event "Campeonato Pan-Americano Sub-20 Absoluto"]
[Site "CXSP, São Paulo"]
[Date "2012.06.30"]
[Round "2.12"]
[White "Lopez, Jasel"]
[Black "Takeda, Lucas Koji"]
[Result "1/2-1/2"]
[WhiteElo "2152"]
[BlackElo "1902"]
[PlyCount "89"]
[EventDate "2012.06.29"]

1. d4 d5 2. c4 e6 3. Nc3 Nf6 4. Bg5 Bb4 5. e3 h6 6. Bxf6 Qxf6 7. Nf3 O-O 8. Bd3
Rd8 9. cxd5 Bxc3+ 10. bxc3 exd5 11. Nd2 c5 12. O-O Nc6 13. f3 cxd4 14. cxd4
Nxd4 15. Nb3 Nxb3 16. Qxb3 d4 17. e4 b6 18. f4 Be6 19. Qa4 Bd7 20. Qd1 Rac8 21.
Qe2 Rc3 22. Rae1 Qh4 23. g3 Qg4 24. Qd2 Bc6 25. f5 Qg5 26. Rf4 h5 27. Qd1 Ba4
28. Qe2 h4 29. Kg2 hxg3 30. hxg3 Bc2 31. Rf3 Bxd3 32. Rxd3 Rdc8 33. Red1 Rxd3
34. Rxd3 Qc1 35. Qd1 Rc2+ 36. Kf3 Qxd1+ 37. Rxd1 Rxa2 38. Rxd4 a5 39. Rd8+ Kh7
40. e5 Ra3+ 41. Kf4 Ra1 42. Rd7 Rf1+ 43. Kg4 Re1 44. Kf4 Rf1+ 45. Kg4 1/2-1/2

[Event "Campeonato Pan-Americano Sub-20 Absoluto"]
[Site "CXSP, São Paulo"]
[Date "2012.06.30"]
[Round "2.14"]
[White "Sztokbant, Bernardo Vainzoff"]
[Black "Torres, Juan Camilo"]
[Result "1-0"]
[WhiteElo "2093"]
[BlackElo "2337"]
[PlyCount "97"]
[EventDate "2012.06.29"]

1. e4 c5 2. Nf3 e6 3. d4 cxd4 4. Nxd4 a6 5. c4 Nf6 6. Nc3 Bb4 7. Bd3 Qc7 8. O-O
Nc6 9. Nxc6 dxc6 10. f4 Bc5+ 11. Kh1 e5 12. f5 O-O 13. Bg5 Qe7 14. Qf3 Rd8 15.
Ne2 b5 16. Ng3 h6 17. Bh4 Bb7 18. Nh5 Kh7 19. Rad1 Rd4 20. Qh3 bxc4 21. Bg5 Qf8
22. Bxf6 gxf6 23. Nxf6+ Kh8 24. Be2 Qg7 25. Ng4 Kh7 26. f6 Qg5 27. Rxd4 Bxd4
28. Rf5 Qc1+ 29. Rf1 Qd2 30. Qh5 Rf8 31. Bxc4 c5 32. Qf5+ Kh8 33. h3 Bc8 34.
Qh5 Bxg4 35. hxg4 Qg5 36. Qh3 Rg8 37. Bxf7 Rf8 38. Bc4 Rxf6 39. Rxf6 Qxf6 40.
Qh5 Kg7 41. b3 Qf2 42. Kh2 Qf4+ 43. Kh1 Bf2 44. Bf1 Bg3 45. Qf5 Qd2 46. Bc4
Qd1+ 47. Qf1 Qd7 48. Qf5 Bf4 49. Qxd7+ 1-0

[Event "Campeonato Pan-Americano Sub-20 Absoluto"]
[Site "CXSP, São Paulo"]
[Date "2012.06.30"]
[Round "2.15"]
[White "Espinoza Palomino, Willyam"]
[Black "Gomes Silverio, Taua"]
[Result "1-0"]
[WhiteElo "2327"]
[BlackElo "1665"]
[PlyCount "71"]
[EventDate "2012.06.29"]

1. e4 d6 2. d4 Nf6 3. Nc3 g6 4. f3 Bg7 5. Be3 Nbd7 6. Qd2 h5 7. h4 e5 8. Nh3
Nb6 9. dxe5 Bxh3 10. exf6 Bxf6 11. Rxh3 Bxh4+ 12. g3 Bf6 13. O-O-O Qd7 14. Bd4
Bxd4 15. Qxd4 O-O-O 16. Rh2 Qe7 17. Kb1 Qg5 18. Qf2 Rh7 19. Nd5 Nxd5 20. Rxd5
Qf6 21. Be2 b6 22. Ba6+ Kb8 23. Rd1 Rdh8 24. Qe2 h4 25. gxh4 Rxh4 26. Rxh4 Rxh4
27. e5 Qe6 28. Qb5 d5 29. c4 c6 30. cxd5 Qf5+ 31. Qd3 Qxd3+ 32. Rxd3 cxd5 33.
Rxd5 Rf4 34. Rd7 Rxf3 35. Rb7+ Ka8 36. Rc7 1-0

[Event "Campeonato Pan-Americano Sub-20 Absoluto"]
[Site "CXSP, São Paulo"]
[Date "2012.06.30"]
[Round "2.16"]
[White "Massarioli, Felipe Alvarenga"]
[Black "Caetano, Hugo Zanotti Mendonc"]
[Result "0-1"]
[WhiteElo "2027"]
[BlackElo "2047"]
[PlyCount "100"]
[EventDate "2012.06.29"]

1. d4 d5 2. c4 e6 3. Nc3 c6 4. Nf3 dxc4 5. a4 Bb4 6. Qc2 Nf6 7. Bg5 Nbd7 8. Ne5
h6 9. Nxd7 Bxd7 10. Bxf6 Qxf6 11. e3 b5 12. Be2 a6 13. Bf3 Ra7 14. O-O Bxc3 15.
Qxc3 O-O 16. Qb4 Qd8 17. Qc5 Qb8 18. a5 Rc7 19. Rfd1 Rd8 20. Rac1 Be8 21. g3
Rcc8 22. Kg2 Qc7 23. Ra1 f6 24. Be4 Qd6 25. Qb6 Ra8 26. Rac1 Rdc8 27. Rc2 Bh5
28. Rdd2 f5 29. Bf3 Bxf3+ 30. Kxf3 Qd5+ 31. Ke2 Kf7 32. f3 Ke7 33. Qb7+ Qd7 34.
Qxd7+ Kxd7 35. e4 Kd6 36. Ke3 Rd8 37. Rc1 Ra7 38. h4 Rad7 39. Rcd1 fxe4 40.
fxe4 Rf7 41. Rf2 Rdf8 42. Rxf7 Rxf7 43. b3 cxb3 44. e5+ Kd5 45. Rc1 Rf3+ 46.
Kxf3 Kxd4 47. Ke2 b2 48. Rd1+ Kc3 49. Ke3 Kc2 50. Rd2+ Kb3 0-1

[Event "Campeonato Pan-Americano Sub-20 Absoluto"]
[Site "CXSP, São Paulo"]
[Date "2012.06.30"]
[Round "2.17"]
[White "Finol Berrueta, David Emmanuel"]
[Black "Awoki, Daniel Teidi"]
[Result "1-0"]
[WhiteElo "2210"]
[BlackElo "1907"]
[PlyCount "111"]
[EventDate "2012.06.29"]

1. Nf3 Nf6 2. g3 g6 3. Bg2 Bg7 4. d3 c5 5. O-O O-O 6. Nc3 Nc6 7. a3 d5 8. Rb1
e5 9. Re1 Qe7 10. Bg5 Be6 11. e4 dxe4 12. Nxe4 Bd5 13. Nfd2 Rad8 14. Qf3 Nd4
15. Nxf6+ Kh8 16. Qf4 Bxg2 17. Rxe5 Ne2+ 18. Rxe2 Qxe2 19. Kxg2 Rd4 20. Qe3
Qxe3 21. fxe3 Rd6 22. Nfe4 Rc6 23. Bf4 f5 24. Nc3 h6 25. Nc4 Re8 26. h4 a6 27.
a4 Kh7 28. a5 Bf6 29. Nd5 Bd8 30. Be5 g5 31. h5 Rce6 32. Bc3 Kg8 33. Ra1 Rf8
34. Ra3 Rf7 35. Ne5 Rh7 36. g4 fxg4 37. Nxg4 Kf7 38. Rb3 Kf8 39. Ndf6 Rf7 40.
Nxh6 Rfxf6 41. Bxf6 Rxf6 42. Ng4 Rf7 43. Rc3 Rc7 44. Rc4 Kf7 45. Ne5+ Kf6 46.
Rxc5 Rxc5 47. Nd7+ Kf5 48. Nxc5 Bxa5 49. Nxb7 Bc7 50. Nc5 a5 51. e4+ Kf6 52.
Kf3 Bd6 53. d4 Bc7 54. Kg4 Bd8 55. e5+ Kf7 56. Kf5 1-0

[Event "Campeonato Pan-Americano Sub-20 Absoluto"]
[Site "CXSP, São Paulo"]
[Date "2012.06.30"]
[Round "2.19"]
[White "Barros, Guilherme Wang De Fa"]
[Black "De Carvalho, Igor Lorenzon"]
[Result "0-1"]
[WhiteElo "2036"]
[BlackElo "1867"]
[PlyCount "70"]
[EventDate "2012.06.29"]

1. e4 c6 2. d4 d5 3. e5 Bf5 4. Nc3 a6 5. Be3 Qc7 6. f4 h5 7. Be2 g6 8. Nf3 e6
9. Nh4 Nh6 10. h3 Be7 11. Bf2 Qd8 12. Nxf5 Nxf5 13. g3 Qa5 14. Bd3 c5 15. Bxf5
gxf5 16. dxc5 Nc6 17. Qd2 Bxc5 18. Bxc5 Qxc5 19. O-O-O b5 20. Kb1 Ke7 21. g4
hxg4 22. hxg4 Rxh1 23. Rxh1 fxg4 24. f5 Rg8 25. fxe6 Kxe6 26. Qf4 Nxe5 27. Re1
f6 28. Ne2 Qd6 29. Rh1 Nf3 30. Qe3+ Qe5 31. Qb6+ Kf5 32. Qf2 Kg5 33. Ng3 Qf4
34. Rh5+ Kg6 35. Ka1 Qc1# 0-1

[Event "Campeonato Pan-Americano Sub-20 Absoluto"]
[Site "CXSP, São Paulo"]
[Date "2012.06.30"]
[Round "2.20"]
[White "Amato De Vercosa Cha, Joao Pedr"]
[Black "De Almeida, Heitor"]
[Result "0-1"]
[WhiteElo "1851"]
[BlackElo "2033"]
[PlyCount "62"]
[EventDate "2012.06.29"]

1. e4 e6 2. Qe2 c5 3. Nf3 g6 4. g3 Bg7 5. Bg2 Ne7 6. O-O O-O 7. d3 Nbc6 8. c3
d5 9. e5 d4 10. c4 Rb8 11. Na3 a6 12. Bf4 b6 13. Qd2 Re8 14. h4 Qc7 15. Rfe1 h5
16. Re2 Bb7 17. Nc2 b5 18. cxb5 axb5 19. Na3 Qb6 20. Bh6 Bh8 21. Bh3 Nb4 22.
Ng5 Nf5 23. Bxf5 exf5 24. f4 Nd5 25. Nc2 Qc6 26. Rh2 f6 27. exf6 Nxf6 28. Nh3
Ng4 29. Bg5 Nxh2 30. Qxh2 Qf3 31. Nf2 Re2 0-1

[Event "Campeonato Pan-Americano Sub-20 Absoluto"]
[Site "CXSP, São Paulo"]
[Date "2012.06.30"]
[Round "2.21"]
[White "Vizzotto, Bernardo"]
[Black "Cajahuanca Ramirez, Olindo"]
[Result "1-0"]
[WhiteElo "2006"]
[BlackElo "1865"]
[PlyCount "121"]
[EventDate "2012.06.29"]

1. d4 e6 2. c4 d5 3. Nc3 Nf6 4. Bg5 c6 5. e3 Nbd7 6. cxd5 exd5 7. Bd3 h6 8. Bh4
Be7 9. Nf3 Ne4 10. Bxe7 Nxc3 11. bxc3 Qxe7 12. O-O O-O 13. a4 Nf6 14. Ne5 Be6
15. a5 c5 16. Qa4 Nd7 17. Nxd7 Bxd7 18. Qa3 Qg5 19. Kh1 c4 20. Bc2 Bf5 21. Qa2
b6 22. Qb1 Bxc2 23. Qxc2 Rae8 24. Rfb1 Re6 25. axb6 axb6 26. Ra6 Rg6 27. g3 Rb8
28. Kg2 Rf6 29. f4 Qg4 30. Rba1 g6 31. Ra8 Qc8 32. Rxb8 Qxb8 33. e4 Re6 34. e5
Re7 35. Qa4 Kg7 36. Qc6 Ra7 37. Qf6+ Kh7 38. Rb1 Ra2+ 39. Kg1 Qa7 40. f5 Ra1
41. fxg6+ fxg6 42. Rxa1 Qxa1+ 43. Kg2 Qb1 44. Qf7+ Kh8 45. Qxd5 Qc2+ 46. Kh3
Qf5+ 47. Kg2 Qc2+ 48. Kh3 Qf5+ 49. g4 Qf1+ 50. Kh4 Qf2+ 51. Kh3 Qf1+ 52. Qg2
Qd3+ 53. Qg3 g5 54. e6 Qf1+ 55. Qg2 Qd3+ 56. Qg3 Kg7 57. d5 Qf1+ 58. Qg2 Qd3+
59. Qg3 Qxd5 60. Qc7+ Kh8 61. Qc8+ 1-0

[Event "Campeonato Pan-Americano Sub-20 Absoluto"]
[Site "CXSP, São Paulo"]
[Date "2012.06.30"]
[Round "2.22"]
[White "Jonas, Tiago Filipe Da Silv"]
[Black "Gotz, Klaus Seiji Furucho"]
[Result "1-0"]
[WhiteElo "1848"]
[BlackElo "1975"]
[PlyCount "45"]
[EventDate "2012.06.29"]

1. e4 c5 2. Nf3 g6 3. d4 cxd4 4. Nxd4 Bg7 5. Nc3 Nc6 6. Be3 Nf6 7. Be2 O-O 8.
Nb3 d6 9. f4 Be6 10. g4 Na5 11. g5 Nd7 12. h4 Nc4 13. Bxc4 Bxc4 14. h5 Rc8 15.
Nd4 Qa5 16. Qg4 Nc5 17. O-O-O Na4 18. Nxa4 Qxa4 19. hxg6 fxg6 20. Qh3 Kf7 21.
f5 Bxd4 22. Bxd4 Be2 23. fxg6+ 1-0

[Event "Campeonato Pan-Americano Sub-20 Absolut"]
[Site "CXSP, São Paulo"]
[Date "2012.06.30"]
[Round "2.23"]
[White "Branchini, Fernando Luis Sakam"]
[Black "De Carvalho Machado, Fernando"]
[Result "1-0"]
[WhiteElo "1972"]
[BlackElo "1846"]
[PlyCount "95"]
[EventDate "2012.06.29"]

1. e4 c5 2. Nc3 Nc6 3. g3 g6 4. Bg2 Bg7 5. f4 d6 6. Nf3 e6 7. O-O Nge7 8. d3
O-O 9. Be3 Rb8 10. Qd2 Nd4 11. Rab1 b5 12. Ne2 Nxf3+ 13. Bxf3 b4 14. Kh1 Qc7
15. g4 f5 16. g5 a5 17. h4 Bb7 18. Ng3 a4 19. h5 Ra8 20. a3 Rfb8 21. c3 bxa3
22. bxa3 Bc6 23. Qa2 Be8 24. exf5 Nxf5 25. Nxf5 gxf5 26. Bxa8 Rxa8 27. Qxe6+
Qf7 28. Qxf7+ Bxf7 29. c4 Bxh5 30. Kg1 Be2 31. Rfe1 Bxd3 32. Rb6 Bf8 33. Rc1
Re8 34. Kf2 Ra8 35. Rb7 Be4 36. Rb6 Bd3 37. Rc3 Be4 38. Bd2 Ra7 39. Rb8 Kf7 40.
Rh3 Kg8 41. g6 hxg6 42. Bc3 Rg7 43. Bxg7 Kxg7 44. Re3 Kf7 45. Rxe4 fxe4 46. Ke3
Bg7 47. Kxe4 Ke6 48. Ra8 1-0

[Event "Campeonato Pan-Americano Sub-20 Absoluto"]
[Site "CXSP, São Paulo"]
[Date "2012.06.30"]
[Round "2.24"]
[White "Zarate, Fernandoh"]
[Black "Stone, Ronnie Frank Pires"]
[Result "1-0"]
[WhiteElo "1720"]
[BlackElo "1946"]
[PlyCount "105"]
[EventDate "2012.06.29"]

1. d4 Nf6 2. c4 g6 3. Nc3 Bg7 4. e4 d6 5. f3 O-O 6. Bg5 h6 7. Be3 c6 8. Qd2 Kh7
9. Nge2 e5 10. d5 c5 11. Ng3 Ng8 12. Bd3 Na6 13. a3 Nc7 14. O-O a6 15. b4 b6
16. f4 exf4 17. Rxf4 Be5 18. Rf2 Bd7 19. Raf1 Qe7 20. Nce2 Ne8 21. Nf4 Nef6 22.
h3 Kg7 23. Rf3 Rae8 24. Nfe2 Nh7 25. Bf4 Ng5 26. R3f2 Bxf4 27. Nxf4 Qe5 28. h4
Nh7 29. h5 g5 30. Nfe2 Ne7 31. Kh2 Bg4 32. Ng1 Bxh5 33. Rf5 Nxf5 34. Rxf5 Qa1
35. Nxh5+ Kg8 36. Nf3 f6 37. Qe3 a5 38. bxc5 bxc5 39. e5 fxe5 40. Qe4 Re7 41.
Rf6 Rxf6 42. Nxf6+ Nxf6 43. Qg6+ Kf8 44. Qxf6+ Rf7 45. Qh8+ Ke7 46. Bg6 Qc1 47.
Bxf7 Qf4+ 48. Kg1 Qc1+ 49. Kf2 Kxf7 50. Qxh6 Qxa3 51. Nxg5+ Ke7 52. Qg7+ Ke8
53. Qf7+ 1-0

[Event "Campeonato Pan-Americano Sub-20 Absoluto"]
[Site "CXSP, São Paulo"]
[Date "2012.06.30"]
[Round "3.1"]
[White "Mendonca, Mateus Nakajo"]
[Black "Gemy, Jose Daniel"]
[Result "1/2-1/2"]
[WhiteElo "2223"]
[BlackElo "2345"]
[PlyCount "132"]
[EventDate "2012.06.29"]

1. d4 Nf6 2. Nf3 e6 3. g3 c5 4. Bg2 Nc6 5. O-O Be7 6. c4 cxd4 7. Nxd4 O-O 8.
Nc3 Qc7 9. Bf4 e5 10. Ndb5 Qb8 11. Bg5 a6 12. Bxf6 Bxf6 13. Nd6 Be7 14. c5 Bxd6
15. cxd6 f5 16. Na4 Qa7 17. Rc1 Kh8 18. Qd2 e4 19. g4 Qd4 20. Qxd4 Nxd4 21. Nb6
Nxe2+ 22. Kh1 Rb8 23. Rc4 g6 24. gxf5 gxf5 25. f4 Rf6 26. Nxc8 b5 27. Rc7 Rh6
28. Rf2 Nd4 29. Rd2 Ne6 30. Ne7 e3 31. Re2 Nxf4 32. Rxe3 Rxd6 33. Bf3 Ne6 34.
Nxf5 Rd2 35. Ra7 Rf8 36. Ra8 Rxa8 37. Bxa8 Rxb2 38. Bd5 Kg8 39. Bb3 Kf8 40. h3
a5 41. a3 a4 42. Bxe6 dxe6 43. Nd4 Kf7 44. Re2 Rb1+ 45. Kg2 b4 46. Rf2+ Kg6 47.
axb4 a3 48. Kg3 Rb2 49. Rf1 a2 50. Ra1 Rxb4 51. Nxe6 Rb3+ 52. Kg4 h5+ 53. Kh4
Rb4+ 54. Kg3 Rb3+ 55. Kg2 Rb2+ 56. Kf3 Kf5 57. Nc5 Rh2 58. Kg3 Rc2 59. Na6 Rb2
60. Nc7 Ke4 61. Kh4 Rh2 62. Na6 Rb2 63. Kxh5 Kd4 64. h4 Kc3 65. Kg5 Rd2 66. Nc5
Kb2 1/2-1/2

[Event "Campeonato Pan-Americano Sub-20 Absoluto"]
[Site "CXSP, São Paulo"]
[Date "2012.06.30"]
[Round "3.2"]
[White "Henriquez Villagra, Cristobal"]
[Black "Martinez Alcantara, Jose Eduard"]
[Result "1/2-1/2"]
[WhiteElo "2324"]
[BlackElo "2135"]
[PlyCount "141"]
[EventDate "2012.06.29"]

1. e4 c5 2. Nf3 Nc6 3. d4 cxd4 4. Nxd4 Nf6 5. Nxc6 bxc6 6. Bd3 e5 7. Nd2 Bc5 8.
O-O O-O 9. c4 a5 10. Qc2 a4 11. Rb1 Qe7 12. Nf3 d6 13. b4 axb3 14. axb3 Bb4 15.
Bd2 Bxd2 16. Nxd2 Be6 17. b4 Rfb8 18. b5 Qc7 19. Rfc1 Nd7 20. bxc6 Qxc6 21. Nf1
Nc5 22. Ne3 g6 23. h4 Qa4 24. Rxb8+ Rxb8 25. Rb1 Rc8 26. Qd2 Qc6 27. Re1 Nb3
28. Qc3 Nd4 29. h5 Rb8 30. Qd2 Qa4 31. h6 Qa3 32. Nc2 Nxc2 33. Bxc2 f6 34. Rd1
Rb6 35. Bd3 Rb2 36. Qc1 Qb4 37. Qa1 Kf7 38. Qa7+ Qb7 39. Qe3 Qb6 40. Qxb6 Rxb6
41. Ra1 g5 42. Ra7+ Kg6 43. Re7 Bc8 44. f3 Kxh6 45. Kf2 Rc6 46. g4 Ba6 47. Rd7
Bxc4 48. Bxc4 Rxc4 49. Rxd6 Kg6 50. Kg3 Rc8 51. Rd2 Rh8 52. Rh2 h5 53. gxh5+
Rxh5 54. Re2 Rh4 55. Rc2 Rf4 56. Re2 Kf7 57. Re1 Ke6 58. Re2 Kd6 59. Re1 Kc5
60. Rd1 Kc4 61. Rd2 Kc3 62. Rd6 Kc2 63. Kg2 g4 64. fxg4 Rxg4+ 65. Kf3 Rg6 66.
Ke2 Kc3 67. Ke3 Kc4 68. Rc6+ Kb5 69. Rc1 Rg3+ 70. Ke2 Ra3 71. Rc8 1/2-1/2

[Event "Campeonato Pan-Americano Sub-20 Absoluto"]
[Site "CXSP, São Paulo"]
[Date "2012.06.30"]
[Round "3.3"]
[White "Zavarce, Oscar Enrique"]
[Black "Cuellar, Diego"]
[Result "1-0"]
[WhiteElo "2192"]
[BlackElo "2269"]
[PlyCount "99"]
[EventDate "2012.06.29"]

1. e4 e5 2. Nf3 Nc6 3. Bc4 Bc5 4. O-O d6 5. c3 Nf6 6. Re1 O-O 7. b4 Bb6 8. d3
Ne7 9. Nbd2 Ng6 10. Bb3 Nh5 11. Nc4 Nhf4 12. a4 Bg4 13. Bxf4 Nxf4 14. a5 Bxf2+
15. Kxf2 Kh8 16. Kg1 f5 17. Ne3 Bxf3 18. Qxf3 Nxd3 19. Rf1 fxe4 20. Qxf8+ Qxf8
21. Rxf8+ Rxf8 22. Bd5 Nf4 23. c4 b6 24. Bxe4 Ne2+ 25. Kh1 g6 26. axb6 axb6 27.
g3 Nd4 28. Kg2 b5 29. cxb5 Rb8 30. Ra8 Rxa8 31. Bxa8 Nxb5 32. Bc6 Nd4 33. b5
Kg7 34. Nd5 Ne6 35. Bd7 Nc5 36. Bc6 Ne6 37. Bd7 Nc5 38. Bc8 Kf7 39. Nxc7 Ke7
40. Nd5+ Kd8 41. Bh3 h6 42. b6 Nb7 43. Kf3 Nc5 44. Ke3 Nb7 45. Kd3 Nc5+ 46. Kc4
g5 47. Bf5 h5 48. h3 h4 49. g4 e4 50. Kd4 1-0

[Event "Campeonato Pan-Americano Sub-20 Absoluto"]
[Site "CXSP, São Paulo"]
[Date "2012.06.30"]
[Round "3.4"]
[White "Leiva, Giuseppe"]
[Black "Goncalves, Leonardo Yamamoto Po"]
[Result "1-0"]
[WhiteElo "2232"]
[BlackElo "1848"]
[PlyCount "95"]
[EventDate "2012.06.29"]

1. d4 d6 2. Nf3 Nf6 3. c4 c6 4. g3 Nbd7 5. Bg2 e5 6. Nc3 Be7 7. O-O O-O 8. Qc2
Qc7 9. b3 Re8 10. Bb2 Bf8 11. e3 a6 12. Rac1 h6 13. Rfd1 Kh8 14. d5 cxd5 15.
Nxd5 Nxd5 16. Rxd5 Nf6 17. Rd2 Rb8 18. Qb1 b6 19. Ne1 Bb7 20. e4 Rbc8 21. Qd3
Qc5 22. Nc2 b5 23. Ne3 b4 24. Rdc2 g6 25. Nd5 Nxd5 26. cxd5 Qb6 27. Bh3 Rxc2
28. Rxc2 Re7 29. Qc4 a5 30. Bc8 Kg7 31. Bc1 Re8 32. Be3 Rxc8 33. Bxb6 Rxc4 34.
Rxc4 Ba6 35. Rc1 Bd3 36. Re1 f5 37. f3 fxe4 38. fxe4 Be7 39. Bxa5 Kf8 40. Bxb4
Ke8 41. Kf2 Kd7 42. Bd2 h5 43. h4 Bd8 44. Ke3 Ba6 45. Kf3 Bb6 46. Rc1 Bd4 47.
Bc3 Bc5 48. Bxe5 1-0

[Event "Campeonato Pan-Americano Sub-20 Absoluto"]
[Site "CXSP, São Paulo"]
[Date "2012.06.30"]
[Round "3.6"]
[White "Devescovi Parreira, Pedro Paulo"]
[Black "Espinoza Palomino, Willyam"]
[Result "1-0"]
[WhiteElo "2085"]
[BlackElo "2327"]
[PlyCount "113"]
[EventDate "2012.06.29"]

1. d4 Nf6 2. c4 e6 3. Nf3 b6 4. a3 c5 5. d5 Ba6 6. Qc2 exd5 7. cxd5 g6 8. g3
Bg7 9. Nc3 O-O 10. Bg2 d6 11. O-O Re8 12. Re1 Nbd7 13. Bf4 Qe7 14. Qa4 Bb7 15.
Nb5 Nxd5 16. Bxd6 Qd8 17. e4 a6 18. exd5 Rxe1+ 19. Rxe1 axb5 20. Qxb5 Bxd5 21.
Rd1 Ra5 22. Qd3 c4 23. Qd2 Bc6 24. Bb4 Rd5 25. Qe2 Rxd1+ 26. Qxd1 Bxb2 27. Qc2
Qf6 28. Qxc4 Kg7 29. Qe2 Bxa3 30. Bxa3 Qa1+ 31. Ne1 Qxa3 32. Bxc6 Nf6 33. Qe5
Qc1 34. Bb5 h6 35. Kg2 Qg5 36. Qxg5 hxg5 37. Nf3 g4 38. Ne5 Kf8 39. Nd7+ Ke7
40. Nxf6 Kxf6 41. Bd7 Kg5 42. f4+ gxf3+ 43. Kxf3 f5 44. h4+ Kf6 45. Kf4 Ke7 46.
Bb5 Kf6 47. Bc4 Kg7 48. Kg5 Kh7 49. Bf7 f4 50. Bxg6+ Kg7 51. gxf4 b5 52. f5 b4
53. f6+ Kf8 54. h5 b3 55. h6 b2 56. h7 b1=Q 57. h8=Q# 1-0

[Event "Campeonato Pan-Americano Sub-20 Absoluto"]
[Site "CXSP, São Paulo"]
[Date "2012.06.30"]
[Round "3.7"]
[White "Caetano, Hugo Zanotti Mendonc"]
[Black "Quintiliano Pinto, Renato R"]
[Result "1-0"]
[WhiteElo "2047"]
[BlackElo "2272"]
[PlyCount "83"]
[EventDate "2012.06.29"]

1. d4 d5 2. c4 e6 3. Nc3 c6 4. Nf3 Nd7 5. cxd5 exd5 6. Bg5 Ngf6 7. e3 Be7 8.
Bd3 O-O 9. O-O Re8 10. Qc2 g6 11. Rab1 a5 12. h3 Nf8 13. Ne5 Ne6 14. f4 Nd7 15.
Bh6 Bf8 16. Bxf8 Nexf8 17. Rbe1 f6 18. Nf3 f5 19. Ne5 Nf6 20. Qb3 Kg7 21. Na4
N8d7 22. Rc1 Nxe5 23. fxe5 Nd7 24. Rf2 b5 25. Nc5 Nb6 26. Qd1 Qg5 27. Qe2 a4
28. Bb1 Nc4 29. Rf3 Be6 30. Kh2 Ra7 31. Nxe6+ Rxe6 32. Rg3 Qh6 33. Bxf5 Re8 34.
b3 axb3 35. axb3 Na5 36. Ra1 Rea8 37. Bc2 Qh4 38. Rf3 Qe7 39. Rf6 Qb4 40. Raf1
Rc7 41. Qg4 Kh8 42. Qf4 1-0

[Event "Campeonato Pan-Americano Sub-20 Absoluto"]
[Site "CXSP, São Paulo"]
[Date "2012.06.30"]
[Round "3.8"]
[White "Gaitan, Juan Manuel"]
[Black "Sztokbant, Bernardo Vainzoff"]
[Result "1-0"]
[WhiteElo "2271"]
[BlackElo "2093"]
[PlyCount "121"]
[EventDate "2012.06.29"]

1. d4 d5 2. c4 e6 3. Nc3 Be7 4. cxd5 exd5 5. Bf4 c6 6. e3 Bf5 7. g4 Bg6 8. h4
h6 9. h5 Bh7 10. Bd3 Bxd3 11. Qxd3 Nf6 12. f3 Bd6 13. Nge2 Bxf4 14. Nxf4 Qc7
15. O-O-O Nbd7 16. Qf5 Nb6 17. e4 dxe4 18. fxe4 Nh7 19. e5 Ng5 20. Nh3 Nxh3 21.
Rxh3 Qd7 22. Ne4 O-O 23. Nd6 Rab8 24. Rf3 Qxf5 25. gxf5 Nd5 26. Rg1 Kh8 27.
Rfg3 Nf4 28. Rxg7 Ne2+ 29. Kd2 Nxg1 30. Rxg1 Kh7 31. Ne4 Rbd8 32. Ke3 Kh8 33.
Nf6 Rc8 34. Ke4 Rcd8 35. Rg3 Rc8 36. Ra3 a6 37. Rg3 Rc7 38. Rf3 Re7 39. Rf4 Rd8
40. Rf2 Rd6 41. Rd2 Rd8 42. Kf4 Rc8 43. Re2 Rd8 44. Re4 Kg7 45. Ke3 Kh8 46. Kd3
Kg7 47. Kc4 Kh8 48. Re3 Kg7 49. Rg3+ Kh8 50. Rg4 Rc8 51. Kc5 Rd8 52. a4 Rc7 53.
a5 Re7 54. Ne4 Rd5+ 55. Kc4 Rd8 56. f6 Red7 57. Nc5 Rc7 58. e6 Rd6 59. Rg7 Rc8
60. Rxf7 Rcd8 61. e7 1-0

[Event "Campeonato Pan-Americano Sub-20 Absoluto"]
[Site "CXSP, São Paulo"]
[Date "2012.06.30"]
[Round "3.9"]
[White "Takeda, Lucas Koji"]
[Black "Mamani, Joan Franco"]
[Result "1/2-1/2"]
[WhiteElo "1902"]
[BlackElo "2157"]
[PlyCount "69"]
[EventDate "2012.06.29"]

1. d4 d6 2. Nf3 Bg4 3. c4 Nd7 4. e3 e5 5. Be2 Ngf6 6. dxe5 dxe5 7. Nc3 Bb4 8.
Bd2 O-O 9. a3 Be7 10. O-O c6 11. Qc2 Qc7 12. Rfd1 Rfe8 13. h3 Bh5 14. Nh4 Bxe2
15. Nxe2 e4 16. Nf5 Bf8 17. Nfg3 Bd6 18. b4 g6 19. c5 Be5 20. Bc3 h5 21. Bxe5
Qxe5 22. Nc3 Nf8 23. Rd4 Ne6 24. Rc4 Ng5 25. Rd1 h4 26. Nge2 Rad8 27. Rcd4 Ne6
28. Rxd8 Rxd8 29. Rxd8+ Nxd8 30. Qd2 Ne6 31. Nd4 Nc7 32. Qd1 a6 33. Nde2 Ncd5
34. Nxd5 Nxd5 35. Qd4 1/2-1/2

[Event "Campeonato Pan-Americano Sub-20 Absoluto"]
[Site "CXSP, São Paulo"]
[Date "2012.06.30"]
[Round "3.10"]
[White "Lopez, Jasel"]
[Black "Araujo, Renan Aparecido"]
[Result "1-0"]
[WhiteElo "2152"]
[BlackElo "1878"]
[PlyCount "103"]
[EventDate "2012.06.29"]

1. d4 Nf6 2. c4 g6 3. Nc3 Bg7 4. e4 O-O 5. Nf3 d6 6. Be2 e5 7. O-O Nc6 8. d5
Ne7 9. Ne1 Nd7 10. Be3 f5 11. f3 f4 12. Bf2 g5 13. Nd3 Rf6 14. a4 Rh6 15. Rc1
a6 16. Kh1 Qe8 17. b4 Nf6 18. c5 Qh5 19. Bg1 g4 20. fxg4 Bxg4 21. Nf2 Bxe2 22.
Qxe2 Qg6 23. Nb1 Nh5 24. Nh3 Kh8 25. cxd6 cxd6 26. Rc7 Bf6 27. Nd2 Rg8 28. Rf3
Qe8 29. b5 axb5 30. Qxb5 Qg6 31. Qe2 Qe8 32. Nc4 Bh4 33. Nb6 Rhg6 34. Rc2 Qf7
35. Nc4 Qg7 36. Rd3 Qh6 37. Na5 R6g7 38. Rb2 Ng6 39. Nxb7 f3 40. Qxf3 Ngf4 41.
Nxf4 Ng3+ 42. hxg3 Rxg3 43. Qh5 Qxf4 44. Rxg3 Bxg3 45. Nxd6 Rg6 46. Rb8+ Kg7
47. Rb7+ Kf8 48. Rf7+ Qxf7 49. Nxf7 Kxf7 50. Qxh7+ Kf6 51. Qxg6+ Kxg6 52. a5
1-0

[Event "Campeonato Pan-Americano Sub-20 Absoluto"]
[Site "CXSP, São Paulo"]
[Date "2012.06.30"]
[Round "3.11"]
[White "Santiago, Yago De Moura"]
[Black "Branchini, Fernando Luis Sakamo"]
[Result "0-1"]
[WhiteElo "2347"]
[BlackElo "1972"]
[PlyCount "95"]
[EventDate "2012.06.29"]

1. e4 e5 2. Nf3 Nc6 3. Bc4 Nf6 4. Ng5 d5 5. exd5 Na5 6. Bb5+ c6 7. dxc6 bxc6 8.
Be2 Bc5 9. c3 h6 10. Nf3 e4 11. Ne5 Bd6 12. d4 exd3 13. Nxd3 O-O 14. O-O Re8
15. b4 Nc4 16. Nd2 Ba6 17. Nf3 Nd5 18. Qc2 Qf6 19. Nd4 Nxb4 20. Nxb4 Bxb4 21.
cxb4 Qxd4 22. Bxc4 Qxc4 23. Qxc4 Bxc4 24. Rd1 Rad8 25. Be3 Rxd1+ 26. Rxd1 Bxa2
27. Ra1 Be6 28. Rxa7 Rd8 29. h3 Rd7 30. Ra8+ Kh7 31. Kh2 Bd5 32. Bc5 f5 33. h4
Kg6 34. Rf8 Rf7 35. Rd8 Rb7 36. Rd6+ Kh5 37. Kh3 g5 38. f3 f4 39. hxg5 hxg5 40.
Bd4 Re7 41. g4+ fxg3 42. Kxg3 Rf7 43. Bf6 Kg6 44. Bd8+ Kh5 45. Bf6 Kg6 46. Be5+
Kh7 47. Kg4 Rxf3 48. Rxd5 0-1